| 000 | 00775cam a2200277 4500500 | ||
|---|---|---|---|
| 005 | 20260329004041.0 | ||
| 041 | _afre | ||
| 042 | _adc | ||
| 100 | 1 | 0 |
_aEnjalbert, Cédric _eauthor |
| 245 | 0 | 0 | _aToujours plus, mais pourquoi ? |
| 260 | _c2018. | ||
| 500 | _a10 | ||
| 690 | _aAddiction | ||
| 690 | _aBurn-Out | ||
| 690 | _aDrogues | ||
| 690 | _aEnquête | ||
| 690 | _aHélène Bonhomme | ||
| 690 | _aPatrick Pharo | ||
| 690 | _aPerfection | ||
| 690 | _aPerfectionnisme | ||
| 690 | _aSport | ||
| 690 | _aStimulants | ||
| 690 | _aYannis Constantinidès | ||
| 786 | 0 | _nPhilosophie magazine | 119 | 5 | 2018-05-01 | p. 34-35 | 1951-1787 | |
| 856 | 4 | 1 | _uhttps://shs.cairn.info/magazine-philosophie-magazine-2018-5-page-34?lang=fr&redirect-ssocas=7080 |
| 999 |
_c1830139 _d1830140 |
||